Villes traversées par l'autoroute A8 - la provençale - Statistiques

Statistiques générales
  • Ce quiz a été pris 48 fois
  • Le résultat moyen est 11 sur 14
Statistiques - réponses
ville population kilomètre % Correct
Nice 351 227 191
100%
Cannes 72 816 161
98%
Fréjus (et Saint-Raphaël) 59 337 132
98%
Menton (Italie) 31 520 224
98%
Aix-en-Provence 150 149 18
95%
Antibes 75 356 172
88%
Monaco 38 866 212
79%
Grasse 47 030 165
74%
Cagnes-sur-Mer 54 334 182
69%
Draguignan 39 507 116
69%
Brignoles 17 930 73
57%
Le Cannet 41 597 165
57%
Saint-Laurent-du-Var 31 973 185
55%
Saint-Maximin-la-Sainte-Baume 18 491 57
43%
Aucun quiz correspondant
Distribution des résultats
% des personnes avec chaque résultat
Percentile par nombre de réponses
Votre historique - résultats
Vous n’avez pas pris ce quiz